Strengthening effective government -citizen connections through greater civic engagement (Record no. 54987)

000 -LEADER
fixed length control field 01470pab a2200181 454500
008 - FIXED-LENGTH DATA ELEMENTS--GENERAL INFORMATION
fixed length control field 180718b2002 xxu||||| |||| 00| 0 eng d
100 ## - MAIN ENTRY--PERSONAL NAME
Personal name Kirlin, John K.
245 ## - TITLE STATEMENT
Title Strengthening effective government -citizen connections through greater civic engagement
260 ## - PUBLICATION, DISTRIBUTION, ETC.
Date of publication, distribution, etc. 2002
300 ## - PHYSICAL DESCRIPTION
Extent p.80-85.
362 ## - DATES OF PUBLICATION AND/OR SEQUENTIAL DESIGNATION
Dates of publication and/or sequential designation Sep
520 ## - SUMMARY, ETC.
Summary, etc. Citizens are more frusting of government since the terrorist attacks ofr September 11, 2001, but their civic behaviors are little changed. One reason is that they mostly have been asked for monetary gifts to fund disaster relief and to serve others through existing nonprofit organizations. Available theoretical and empirical analyses suggest the three factors of motivation, skills, and network connections contribute to increased civic engagement, which is defined by behaviors such as seeking to persuade others to join in mobilizing commitment and resources to address a collective problem. Responses to 9/11 have not addressed these three factors. Increased civic engagement strengthens democracy and non cont ribute to the development of public judgment, which is critical to sustaining support of efforts to thwart terrorism. Success in any effort to increase civic engagement requires different strategies and actions by public officials. - Reproduced.
650 ## - SUBJECT ADDED ENTRY--TOPICAL TERM
Topical term or geographic name entry element State security - United States
650 ## - SUBJECT ADDED ENTRY--TOPICAL TERM
Topical term or geographic name entry element State security
700 ## - ADDED ENTRY--PERSONAL NAME
Personal name Kirlin, Mary K.
773 ## - HOST ITEM ENTRY
Main entry heading Public Administration Review
909 ## -
-- 54987
Holdings
Withdrawn status Lost status Damaged status Not for loan Permanent Location Current Location Date acquired Serial Enumeration / chronology Barcode Date last seen Price effective from Koha item type
        Indian Institute of Public Administration Indian Institute of Public Administration 2018-07-19 Volume no: 62, Issue no: Special issue AR55432 2018-07-19 2018-07-19 Articles

Powered by Koha